Central Library OPAC University of Rajshahi

The perception of stimulus relations : (Record no. 67996)

MARC details
000 -LEADER
fixed length control field 00814nam a2200253 a 4500
001 - CONTROL NUMBER
control field 67996
003 - CONTROL NUMBER IDENTIFIER
rucl marc code BD-RjUL
005 - DATE AND TIME OF LATEST TRANSACTION
control field 20211209081723.0
008 - FIXED-LENGTH DATA ELEMENTS--GENERAL INFORMATION
fixed length control field 700928s1968 nyua b 001 0 eng
035 ## - SYSTEM CONTROL NUMBER
System control number (BD-RjUL)68205
040 ## - CATALOGING SOURCE
Original cataloging agency DLC
Transcribing agency DLC
Modifying agency DLC
-- BD-RjUL
Language of cataloging eng
041 ## - LANGUAGE CODE
Language code of text/sound track or separate title eng
082 00 - DEWEY DECIMAL CLASSIFICATION NUMBER
Edition number 23
Classification number 153.7
Author mark and year REP 1968
100 1# - MAIN ENTRY--PERSONAL NAME
Personal name Reese, Hayne Waring,
Dates associated with a name 1931-
9 (RLIN) 201545
245 14 - TITLE STATEMENT
Title The perception of stimulus relations :
Remainder of title discrimination learning and transposition /
Statement of responsibility, etc. Hayne W. Reese.
260 ## - PUBLICATION, DISTRIBUTION, ETC. (IMPRINT)
Place of publication, distribution, etc. New York :
Name of publisher, distributor, etc. Academic Press,
Date of publication, distribution, etc. 1968
300 ## - PHYSICAL DESCRIPTION
Pagination ix, 390 p. :
Illustrations ill. ;
Size 24 cm.
490 0# - SERIES STATEMENT
Series statement The Child psychology series
504 ## - BIBLIOGRAPHY, ETC. NOTE
Bibliography, etc Bibliography and index
650 #0 - SUBJECT ADDED ENTRY--TOPICAL TERM
Topical term or geographic name as entry element Perception.
9 (RLIN) 201546
Topical term or geographic name as entry element Discrimination learning.
9 (RLIN) 201547
830 ## - SERIES ADDED ENTRY--UNIFORM TITLE
Uniform title The Child psychology series
942 ## - ADDED ENTRY ELEMENTS (KOHA)
Source of classification or shelving scheme Dewey Decimal Classification
Koha item type Books
Holdings
Lost status Source of classification or shelving scheme Damaged status Not for loan Collection code Permanent Location Current Location Shelving location Date acquired Source of acquisition Cost, normal purchase price Total Checkouts Full call number Date last seen Copy number Koha item type
  Dewey Decimal Classification   Not For Loan Non-fiction Central Library, University of Rajshahi Central Library, University of Rajshahi Reading Room 11/01/1972 Zeithinger 139.00   153.7 REP 1968 29/03/2017 C-1 Books